000 00953nam a2200265Ia 4500
003 OSt
005 20220923211602.0
006 a|||||r|||| 00| 0
007 ta
008 220922b |||||||| |||| 00| 0 pan d
020 _a9789387276406 (pbk)
_c595
024 _a349,265
037 _b172, 15/02/2019, National Book Shop
_cTextual
040 _aARTS
_cARTS
_bpan
041 _2pan
_apan
082 _aO153,3N33:g, Q8
100 _aਸਿੰਘ, ਹਰਜੋਧ, ਥਦ.
245 0 _aਗੁਰਦਿਆਲ ਸਿੰਘ ਦਾ ਬਿਰਤਾਂਤਕ ਪੌਰਾਡਾਈਮ
260 _aਪਟਿਆਲਾ
_b ਗ੍ਰੈFਿਅਸ
_c2018
300 _a477ਪ੍ਰ0
_ccm.
650 _a ਪੰਜਾਬੀ ਕਹਾਣੀ
650 _aਪੰਜਾਬੀ ਸਾਹਿਤ
942 _hO153,3N33:g, Q8
_cTEXL
_2CC
999 _c301071
_d301071